Apocalissi : ventidue modi di leggere i libri della Bibbia /
Gorde:
| Egile nagusia: | |
|---|---|
| Beste egile batzuk: | , |
| Formatua: | Liburua |
| Hizkuntza: | italiera |
| Argitaratua: |
Milano :
Isbn,
[2007]
|
| Gaiak: | |
| Etiketak: |
Etiketarik gabe, Izan zaitez lehena erregistro honi etiketa jartzen!
|
MARC
| LEADER | 00000nam a22000007i 4500 | ||
|---|---|---|---|
| 001 | IT\ICCU\MOD\1393292 | ||
| 003 | ItRI | ||
| 005 | 20260115232144.0 | ||
| 008 | 070509s2007 it |||||| |||||0|||||c | ||
| 020 | |a 9788876380341 | ||
| 040 | |b ita |c importazione bologna sebina | ||
| 041 | 7 | |a ita |2 ISO-639-2 | |
| 082 | |a 220.7 |9 BIBBIA. COMMENTI |2 21 | ||
| 130 | 0 | |a Revelations |3 IT\ICCU\MOD\1393295 |9 De la Cruz, Melissa | |
| 245 | 0 | 0 | |a Apocalissi : |b ventidue modi di leggere i libri della Bibbia / |c [scritti di Dalai Lama ... et al.] ; traduzione di Clara Nubile ; ritratti Felix Petruska. |
| 260 | |a Milano : |b Isbn, |c [2007] | ||
| 300 | |a 251 p. ; |c 22 cm | ||
| 650 | 7 | |a Bibbia |x Commenti | |
| 700 | 0 | |a Dalai lama XIV |0 IT\ICCU\CFIV\016044 |4 aut | |
| 700 | 1 | |a Nubile, Clara |0 IT\ICCU\LO1V\190298 |4 trl | |
| 700 | 1 | |a Petruska, Felix |0 IT\ICCU\LO1V\258769 |4 ill | |
| 790 | 0 | |a Bstan-'dzin-rgya-mtsho |c (dalai lama, |b 14.) |3 IT\ICCU\CFIV\168376 |z Dalai lama XIV | |
| 790 | 0 | |a Tenzin Ghiatso |3 IT\ICCU\CFIV\016045 |z Dalai lama XIV | |
| 790 | 0 | |a Tenzin Gyatsho |3 IT\ICCU\CFIV\137835 |z Dalai lama XIV | |
| 790 | 0 | |a Tenzin Gyatso |3 IT\ICCU\CFIV\150567 |z Dalai lama XIV | |
| 790 | 1 | |a Ghiatso, Tenzin |3 IT\ICCU\CFIV\016046 |z Dalai lama XIV | |
| 790 | 1 | |a Gyatso, Tenzin |3 IT\ICCU\CFIV\150566 |z Dalai lama XIV | |
| 790 | 1 | |a Tendzin, Gyamt-sho |3 IT\ICCU\CFIV\132632 |z Dalai lama XIV | |
| 942 | |2 ddc |c BK |n 0 | ||
| 952 | |0 0 |1 0 |4 0 |6 DOC_220_700000000000000_APO |7 0 |9 21001 |a BO |b BO |d 2026-01-15 |i 11226 |l 0 |o DOC 220.7 APO |p BO11226 |r 2026-01-15 23:21:44 |w 2026-01-15 |x [Sebina 5] [1 v.] |y BK |z 1 v. | ||
| 999 | |c 17944 |d 17944 | ||